00461nam a2200157Ia 4500008004100000020001400041082001600055100002200071245004200093250000800135260004500143300002500188500001900213600002100232650005000253240925s9999 xx 000 0 und d a135806062 a004.165 SHO aShort ,Kenneth L. 0aMicroprocessors and Programmed Logic  a1st aNew Jersey:bPrintice- Hall Int.c,1987. a393p.bN.AfOriginal aIncludes Index aComputer Science aComputer science, information & general works